[Event "SVK-chT2C 1819"]
[Site "Slovakia"]
[Date "2018.11.17"]
[Round "3.7"]
[White "Holeczy, Martin"]
[Black "Feco, Jan"]
[Result "0-1"]
[WhiteElo "2001"]
[BlackElo "1823"]
[PlyCount "61"]
[EventDate "2018.10.13"]
[EventType "team-tourn"]
[EventRounds "11"]
[EventCountry "SVK"]
[SourceTitle "CBM 187 Extra"]
[Source "ChessBase"]
[SourceDate "2018.11.04"]
[SourceVersion "1"]
[SourceVersionDate "2018.11.04"]
[SourceQuality "1"]
[WhiteTeam "Banska Bystrica Veza"]
[BlackTeam "Jelsava Magnezit"]
[WhiteTeamCountry "SVK"]
[BlackTeamCountry "SVK"]

1. d4 Nf6 2. Nf3 d5 3. c4 e6 4. Nc3 Bb4 5. Qc2 0-0 6. Bg5 Be7 7. e3 Nbd7 8. Bd3 h6 9. h4 c6 10. 0-0-0 dxc4 11. Bxc4 Nd5 12. Bxe7 Qxe7 13. g4 Nxc3 14. Qxc3 b5 15. Bb3 Bb7 16. Bc2 c5 17. Qd3 g6 18. Qe2 cxd4 19. Rxd4 e5 20. Rd2 Nc5 21. e4 a6 22. Qe3 Kg7 23. Rhd1 Rac8 24. Kb1 Rc7 25. Rd6 Rfc8 26. h5 Ne6 27. Nxe5 Rxc2 28. Rd7 Qb4 29. Rxf7+ Kg8 30. b3 Bxe4 31. Nd3 0-1